000 00267nam a2200109Ia 4500
008 220204s9999 xx 000 0 und d
082 _a82-3
_bCHR;1
100 _aChristie, Agatha
245 0 _aSparkling cyanide
260 _aGreat Britain
_bFontana
_c1983
942 _cBK
999 _c37551
_d37551